Návrh opatrení na zdokonalenie vzdelávacieho procesu v spoločnosti Pankl Automotive Slovakia s.r.o.

Enregistré dans:
Détails bibliographiques
Auteur principal: Oravcová, Eva, 1987- (Auteur)
Autres auteurs: Chlpeková, Andrea, 1969- (Directeur de thèse)
Format: Manuscrit Livre
Langue:slovaque
Publié: Trnava : STU v Bratislave MTF UPMK, 2012
Sujets:
Accès en ligne:VAIS
Tags: Ajouter un tag
Pas de tags, Soyez le premier à ajouter un tag!

MARC

LEADER 00000ntm a22000003a 4500
001 stu252815
005 20150617230227.1
008 120721s2012----xo------------------slo-d
040 |a STU  |b slo 
041 0 |a slo 
044 |a xo 
100 1 |a Oravcová, Eva,  |d 1987-  |4 aut  |u M  |T MTF Materiálovotechnologická fakulta  |X 66449  |U M  |Y 60  |7 A000066449 
242 0 0 |a Proposed measures for improvement of the educational process in Pankl Automotive Slovakia  |y eng 
245 1 |a Návrh opatrení na zdokonalenie vzdelávacieho procesu v spoločnosti Pankl Automotive Slovakia s.r.o. 
260 |a Trnava :  |b STU v Bratislave MTF UPMK,  |c 2012 
300 |a 47s  |c CD ROM 
650 7 |a education  |2 estusub 
650 7 |a system  |2 estusub 
650 7 |a employees  |2 stusub 
650 7 |a systém  |2 stusub 
650 7 |a metódy  |2 stusub 
650 7 |a zamestnanci  |2 stusub 
650 7 |a vzdelávanie  |2 stusub 
650 7 |a priemyselné manažérstvo  |2 stusub 
650 7 |a Industrial Management  |2 estusub 
700 1 |a Chlpeková, Andrea,  |d 1969-  |4 ths  |u M4000  |U MTF Materiálovotechnologická fakulta  |T MTF Ústav priemyselného inžinierstva a manažmentu  |X 237  |U M4000  |Y 84  |7 A000000237 
856 4 |a info a plný text  |u http://is.stuba.sk/zp/portal_zp.pl?podrobnosti=66533  |3 VAIS 
996 |c M*BP-5724  |l MMSKP  |s P  |a 0  |w stu252815_0001